Born of a woman : A bishop rethinks the birth of Jesus

Contents: Escaping Biblical literalism; approaching the story through Midrash; the development of the Brith tradition; facing the implication of scripture.

Spremljeno u:
Bibliografski detalji
Glavni autor: Spong, John Shelby
Format: Knjiga
Jezik:Undetermined
Izdano: New York HarpeCollins 1992
Teme:
Oznake: Dodaj oznaku
Bez oznaka, Budi prvi tko označuje ovaj zapis!
Thư viện lưu trữ: Trung tâm Học liệu Trường Đại học Cần Thơ
LEADER 00727nam a2200205Ia 4500
001 CTU_40825
008 210402s9999 xx 000 0 und d
082 |a 232.92 
082 |b S763 
100 |a Spong, John Shelby 
245 0 |a Born of a woman : 
245 2 |b A bishop rethinks the birth of Jesus 
245 0 |c John Shelby Spong 
260 |a New York 
260 |b HarpeCollins 
260 |c 1992 
520 |a Contents: Escaping Biblical literalism; approaching the story through Midrash; the development of the Brith tradition; facing the implication of scripture. 
650 |a Bible. N.T,Jesus christ 
650 |x Criticism, interpretation, etc,Nativity 
980 |a Trung tâm Học liệu Trường Đại học Cần Thơ